000 00506nam a2200181Ia 4500
001 20755
005 20260306172829.0
008 260306t2023||||xx |||||||||||||| ||spa||
041 _aESP
082 _a343.8
_bA47H
100 _aAlva Matteucci, Mario,
_eAUT
245 0 _aFiscalización SUNAT :
_banálisis y respuestas a los principales requerimientos, infracciones y sanciones
260 _c2023
300 _a543 páginas :
_c25 cm.
650 _aGEN
654 _aCDE
942 _cLIB
_dJUS
_fJUS
_2ddc
_n
999 _c20755
_d20755